Представление документа в формате RUSMARC

ПолеНазваниеЗначение
  Тип записи a
  Библиографический уровень a
001 Контрольный номер RU/УОНБ/EK_Kray/619783053
005 Дата корректировки 20241015094602.1
100 Данные общей обработки __
a Данные общей обработки 20241015d2019 |||c0rusy0189 ca
101 Язык документа 0_
a Язык текста rus
102 Страна публикации __
a Страна публикации RU
105 Кодированные данные (монография) __
a Кодированные данные (монография) y###||||000|y
200 Заглавие и сведения об ответственности 1_
a Заглавие И дубы падают
e Сведения, относящиеся к заглавию памяти поэта Анатолия Юмана
f Первые сведения об ответственности Николай Ларионов
215 Физическое описание __
c Иллюстрации/тип воспроизводства 3 фот.
330 Аннотация __
a Аннотация Чувашский поэт, переводчик, публицист умер 13 ноября 2018 г.
461 Уровень набора _0
1 2000
a Симбирскъ
1 011
463 Уровень физической единицы _0
1 2000
a № 1
v С. 62-63
1 2101
d 2019
1 001RU/REG73/CBS_GRAD/fa4de9c5b3a747338290cb7db59e944d
600 Персоналии _1
a Персоналии (Фамилия) Юман, Анатолий Фёдорович
610 Ключевые слова 0_
a Ключевые слова поэты 20 в.
610 Ключевые слова 0_
a Ключевые слова поэты чувашские
686 Индексы других классификаций __
a Классификационный индекс 83.3-8
2 Код системы rubbk
700 Автор _1
a Фамилия Ларионов
b Имя (инициалы) Н.
g Полное личное имя Николай
4 Код отношения 070
801 Источник записи _0
a Страна RU
b Организация RuCBSGrad
c Дата составления 20241015
g Правила каталогизации RCR
801 Источник записи _1
a Страна RU
b Организация RuCBSGrad
c Дата составления 20241015
g Правила каталогизации RCR
852 Данные о местонахождении __
a Наименование организации МБУК "ЦБС г. Димитровграда"
z Тип записи R
901 Тип документа __
t Тип документа b
w Контрольный № источника RU/REG73/CBS_GRAD/fa4de9c5b3a747338290cb7db59e944d
909 Создатель записи __
a Создатель записи Тенигина
b Дата создания записи 20241015